| 000 | 00851cam a2200217 4500 | ||
|---|---|---|---|
| 001 | ABS66276 | ||
| 008 | 021211n2002 000 0 eng u | ||
| 035 | _a(Sirsi) u120730 | ||
| 100 | _aBarber, A | ||
| 245 | _aParks still poor relation | ||
| 260 | _c2002 | ||
| 490 |
_aRegeneration and Renewal _v8 November 2002, 23(1) |
||
| 520 | _aDiscusses government pledge to improve the parks and green spaces in the towns and cities, as announced at the Urban Summit in November 2002. Highlights the many advantages and uses of parks, and uses the Urban Green Spaces Taskforce report "Green spaces, better spaces" to illustrate how the government can improve the situation. | ||
| 590 | _aABS | ||
| 650 | _aPARKS | ||
| 650 | _aOPEN SPACES | ||
| 650 | _aGREEN SPACES | ||
| 650 | _aURBAN GREENSPACE | ||
| 690 | _aLEISURE AND RECREATION | ||
| 942 | _n0 | ||
| 999 |
_c71741 _d71741 |
||